Sectarismo religioso y conflicto social
Sparad:
| Huvudupphovsman: | |
|---|---|
| Materialtyp: | Text |
| Publicerad: |
Heredia:
UNA
|
| Taggar: |
Lägg till en tagg
Inga taggar, Lägg till första taggen!
|
MARC
| LEADER | 00000 a a2200000 04500 | ||
|---|---|---|---|
| 001 | 23953 | ||
| 003 | |||
| 040 | |a CRAI/IIS |c CRAI/IIS | ||
| 090 | |a 196300 | ||
| 100 | |a Valverde, Jaime | ||
| 245 | |a Sectarismo religioso y conflicto social | ||
| 260 | |a Heredia: |b UNA | ||
| 300 | |a 32 p. | ||
| 999 | |c 17661 |d 17661 | ||
